| 000 | 00695nam a2200241 a 4500 | ||
|---|---|---|---|
| 999 |
_c11444 _d11444 |
||
| 001 | 11444 | ||
| 003 | BD-JhCC | ||
| 005 | 20221115134023.0 | ||
| 008 | 190919s2010 b a|||| |||| 000 0 eng d | ||
| 020 | _a9847002001151 | ||
| 035 | _a(BD-JhCC)11444 | ||
| 040 |
_aBD-JhCC _dBD-JhCC |
||
| 041 | _aeng | ||
| 082 |
_a423.1 _bAHU 2010 |
||
| 100 | _aAhuja, B.N. | ||
| 245 |
_aFriends' dictionary of synonyms and antonyms / _cB.N. Ahuja and Jahirul Islam |
||
| 260 |
_aDhaka : _bFriends' Books Center, _c2010 |
||
| 300 |
_a538 p. : _bill.; _c20 cm. |
||
| 490 | _aFriends' Language Series. | ||
| 650 | _aEnglish Language -- synonyms and antonyms | ||
| 700 | _aIslam, Jahirul | ||
| 942 |
_2ddc _cBK _04 |
||